000 00490nam a2200181Ia 4500
001 24570
005 20260414151052.0
008 260414t2011||||xx |||||||||||||| ||spa||
041 _aESP
082 _a345.721
_bB141 V. 17
100 _aCastillo Freyre, Mario
_eAUT
245 0 _aArbitraje :
_b¿arbitraje y regulación de servicios públicos? el caso de OSITRAN
260 _c2011
300 _a191 páginas :
_c24 cm.
650 _aDER
654 _aCDE
942 _cLIB
_dJUS
_fJUS
_2ddc
_n
999 _c24570
_d24570